|
|
|
|
| LEADER |
01978nmm a2200373 a 4500 |
| 001 |
000683631 |
| 003 |
CZ BrMZK |
| 005 |
20180828105820.0 |
| 008 |
030825s2002 xr a e p 000 0 cze d |
| 020 |
|
|
|a 80-245-0571-1
|q (v příloze (brož.) neuvedeno)
|
| 040 |
|
|
|a BOA001
|c ze
|d BOA001
|
| 072 |
|
7 |
|a 37.016
|x Učební osnovy. Vyučovací předměty. Učebnice
|2 Konspekt
|9 22
|
| 072 |
|
7 |
|a 005
|x Management. Řízení
|2 Konspekt
|9 4
|
| 080 |
|
|
|a (075.8)
|2 MRF
|
| 080 |
|
|
|a (0.034.44)
|2 MRF
|
| 080 |
|
|
|a 005.8
|2 MRF
|
| 100 |
1 |
|
|a Hrůzová, Helena,
|d 1954-
|7 jn20001227503
|4 aut
|
| 245 |
1 |
0 |
|a Projektový management
|h [elektronický zdroj] :
|b PM_475 : volitelný předmět : učební pomůcka pro magisterské navazující studium oboru Podniková ekonomika a management v distanční formě /
|c Helena Hrůzová, Petr Řeháček
|
| 246 |
3 |
3 |
|a PM_475 Projektový management
|
| 260 |
|
|
|a V Praze :
|b [Oeconomica],
|c 2002
|
| 300 |
|
|
|a 1 elektronický optický disk (CD-ROM) :
|b barev. ;
|c 12 cm +
|e 1 příručka (12 s.)
|
| 500 |
|
|
|a Nad názvem: Vysoká škola ekonomická v Praze, Fakulta podnikohospodářská
|
| 500 |
|
|
|a Sériové číslo: 3167-0006
|
| 500 |
|
|
|a Název z disku
|
| 520 |
|
|
|a Cílem předmětu je získat přehled o projektovém managementu, jeho metodách a přístupech, řízení času, nákladů, jakosti, lidských zdrojů, komunikace, rizik a řízení obstarávání v rámci projektu
|
| 538 |
|
|
|a Požadavky na systém: prohlížeč Zoner Context (na disku)
|
| 650 |
0 |
7 |
|a projektový management
|7 ph115894
|2 czenas
|
| 655 |
|
7 |
|a CD-ROM
|7 fd133955
|2 czenas
|
| 655 |
|
7 |
|a učebnice vysokých škol
|7 fd133772
|2 czenas
|
| 700 |
1 |
|
|a Řeháček, Petr,
|d 1963-
|7 jx20111122020
|4 aut
|
| 710 |
2 |
|
|a Vysoká škola ekonomická v Praze.
|b Podnikohospodářská fakulta
|7 kn20010709402
|
| 910 |
|
|
|a BOA001
|b CDR2-1122.895
|
| 990 |
|
|
|a CF
|
| 996 |
6 |
|
|b 2610197077
|c CDR2-1122.895
|l Stud. periodik/2.patro
|r Sklad / do 1 hodiny
|n 2
|p p.v.
|w 000683631
|u 000010
|a 1
|e BOA001
|j MZK50
|s P
|